Counties of Taizhou - Statistics

General Stats
  • This quiz has been taken 22 times
  • The average score is 8 of 9
Answers on the Map
Answers color-coded by a green-red scale on the quiz's map according to % correct below.
 
Answer Stats
Population County % Correct
379k Sanmen
100%
712k Huangyan
92%
858k Jiaojiang
92%
640k Luqiao
92%
470k Tiantai
92%
1.42 m Wenling
92%
652k Yuhuan
92%
1.11 m Linhai
83%
430k Xianju
83%
No matching quizzes found
Score Distribution
Percent of People with Each Score
Percentile by Number Answered
Your Score History
You have not taken this quiz